000 00460nam a2200193Ia 4500
005 20240826022857.0
008 240331s9999 xx 000 0 und d
020 _a9555800286
082 _bSIR
_a800
100 _aSiriwardena,R
245 0 _aAmong my souvenirs
250 _a2nd
260 _aColombo
_bInternational Centre for Ethnic Studies
_c2006
300 _a187 p .,
650 _aPolitical
650 _aSocial
650 _aViolence
942 _cL
999 _c4971
_d4971